Statistiken für #1 Hits der 1980er-Jahre in Deutschland

Klicken Sie hier um das Quiz zu spielen!

Allgemein

  • Dieses Quiz wurde 342 mal gespielt
    (285 seit der letzten Aktualisierung)
  • Das Durchschnittsergebnis liegt bei 34 aus 96

Antwortstatistiken

#1'sKünstler% Korrekt
4Falco
95%
5Modern Talking
92%
1Nena
92%
2Phil Collins
82%
2ABBA
79%
1David Hasselhoff
76%
1Geier Sturzflug
73%
1a-ha
72%
1Madonna
70%
1Nicole
69%
1Europe
68%
1Peter Schilling
68%
2Whitney Houston
68%
1Pink Floyd
67%
1Spider Murphy Gang
67%
1Markus
66%
1Alphaville
63%
1Mike Krüger
63%
1Roland Kaiser
60%
1Olivia Newton-John & Electric Light Orchestra
59%
1Paul McCartney
& Stevie Wonder
58%
1Roxette
58%
1Opus
56%
1Elton John
55%
1Nino de Angelo
55%
2Rick Astley
55%
1F. R. David
53%
1Jermaine Jackson & Pia Zadora
53%
1Stevie Wonder
53%
3Pet Shop Boys
51%
1Tina Turner
50%
1Depeche Mode
49%
1Sandra
43%
1Band Aid
42%
3Frankie goes to Hollywood
42%
1Milli Vanilli
41%
1Soft Cell
41%
1Status Quo
40%
1Gottlieb Wendehals
39%
1The Bangles
38%
1Duran Duran
35%
1Kylie Minogue
35%
1Bee Gees
34%
1Culture Club
33%
1Tauchen-Prokopetz (DÖF)
31%
1Tears for Fears
31%
1Bobby McFerrin
30%
1France Gall
30%
1Kaoma
29%
1Chris Norman
28%
1Rod Stewart
27%
1Desireless
26%
1Orchestral Manoeuvres in the Dark
26%
1Robin Gibb
24%
1Visage
23%
1Fred Sonnenschein
22%
1Andy Borg
21%
1Gazebo
20%
1Kim Carnes
20%
1Laura Branigan
20%
1Lipps, Inc
20%
1Kajagoogoo
19%
1Barbra Streisand
18%
1John Farnham
18%
1Murray Head
18%
1Robin Beck
18%
1Goombay Dance Band
16%
1The Fat Boys & Chubby Checker
16%
1Paul Young
15%
1Stars on 45
15%
1Bruce & Bongo
13%
1Laid Back
13%
1Level 42
13%
2Mel & Kim
12%
1Ofra Haza
12%
1Oliver Onions
12%
1Paul Hardcastle
12%
1Real Life
12%
1Taylor Dayne
12%
1Marc Almond & Gene Pitney
11%
1Peter Kent
11%
1The Flying Pickets
11%
1Mysterious Art
10%
1Richard Sanderson
10%
1Pierre Cosso & Bonnie Bianco
9%
1Thom Pace
9%
1Earth & Fire
7%
1Electronica's
7%
1Frank Duval & Orchestra
7%
1Joe Dolce
7%
1Giorgio Moroder
6%
1Jive Bunny & the Mastermixers
6%
1Koreana
6%
1Evelyn Thomas
5%
1Guillermo Marchena
3%
1MC Miker G & Deejay Sven
2%

Verteilung der Resultate

Perzentil nach korrekt beantworteten Fragen

Anzahl Personen mit jedem Resultat

Ihre Resultats-Entwicklung

Sie haben dieses Quiz seit der letzten Aktualisierung nicht gespielt